000 00501nmm a2200157Ia 4500
008 251105s9999||||xx |||||||||||||||||und||
020 _a9789871518241
041 _aspa
100 _aMossello, Fabián
245 0 _aLiteratura, Ideología y Sociedad :
_b "La Gesta del Marrano" de Marcos Aguinis
264 _a[Buenos Aires, Argentina] :
_bEduvim,
_c2009
300 _a212 páginas
650 _aLatin American literature
856 _uhttps://public.digitaliapublishing.com/a/14420
942 _cCF
999 _c97241
_d97241